Biblioteca

La historicidad del texto y el papel del texto en la interpretación poética (Registro nro. 51252)

Detalles MARC
000 -LÍDER
Campo fijo de descripción fija 01087cab a22002174i 4500
001 - NÚMERO DE CONTROL
Campo de control 768714001
003 - IDENTIFICADOR DEL NÚMERO DE CONTROL
Campo de control CO-MdFUSB
005 - FECHA Y HORA DE LA ULTIMA TRANSACCIÓN
control field 20230111104013.0
008 - ELEMENTOS DE LONGITUD FIJA -- INFORMACIÓN GENERAL
Campo fijo de descripción fija -- Información general 161110s2001 gt ||||| |||| 00| 0 spa d
022 ## - NÚMERO INTERNACIONAL NORMALIZADO PARA PUBLICACIONES SERIADAS
Número Internacional Normalizado para Publicaciones Seriadas 1014-9341
040 ## - FUENTE DE CATALOGACIÓN
Agencia Catalogadora CO-MdFUSB
Idioma de catalogación spa
Agencia que realiza la transcripción CO-MdFUSB
Agencia que realiza la modificación CO-MdFUSB
041 ## - CÓDIGO DE IDIOMA
Código de idioma para texto/pista de sonido o título separado spa
100 1# - ASIENTO PRINCIPAL--NOMBRE PERSONAL
Nombre personal Reyes, George
Término relacionador autor
245 03 - TÍTULO
Título La historicidad del texto y el papel del texto en la interpretación poética
Mención de responsabilidad / Lic George Reyes
300 ## - DESCRIPCIÓN FÍSICA
Extensión Número 29 (Julio - Diciembre, 2001), páginas 41-76
Dimensiones ; 22 cm
520 ## - NOTA DE RESUMEN, ETC.
Nota de sumario, etc. La interpretación poética con frecuencia resulta ahistórica. Sin embrago, como la narrativa bíblica exhibe tres impulsos básicos – el teológico, el histórico y el literario–, una interpretación poética debe leerla en relación simbólica con una investigación histórica.
653 ## - TÉRMINO DE INDIZACIÓN - NO CONTROLADO
Término no controlado Poesía -- Interpretación
773 0# - ASIENTO DE ITEM FUENTE
Título Kairós
Biblionumber 49489
Itemnumber 61194
Parte(s) relacionada(s) / Volumen., número. (mes año), páginas Número 29 (Julio - Diciembre, 2001), páginas 41-76
Enumeración y primera página Páginas 41
773 0# - ASIENTO DE ITEM FUENTE
Título Kairós
Biblionumber 49489
Itemnumber 81316
Parte(s) relacionada(s) / Volumen., número. (mes año), páginas Número 29 (Julio - Diciembre, 2001), páginas 41-76
Enumeración y primera página Páginas 41
942 ## - TIPO DE MATERIAL (KOHA)
Tipo de Item KOHA Artículos de Revista

No hay ítems disponibles.

Biblioteca FUSBC | Teléfono: (57+4) 349 88 10 Ext. 141| WhatsApp (+57) 3005338115 
E-mail: biblioteca@unisbc.edu.co | Calle 76 87-14 Robledo Palenque, Medellín, Colombia

Con tecnología Koha